Red Album - Statistics

General Stats
  • This quiz has been taken 99 times
    98 since last reset
  • The average score is 16 of 22
Answer Stats
# Tracks % Correct
2 Red
94%
21 Red - Original Demo Recording
94%
5 All Too Well
92%
6 22
90%
8 We Are Never Ever Getting Back Together
90%
4 I Knew You Were Trouble.
82%
1 State Of Grace
80%
22 State Of Grace - Acoustic
80%
3 Treacherous
78%
20 Treacherous - Original Demo Recording
78%
9 Stay Stay Stay
71%
11 Holy Ground
67%
16 Begin Again
61%
14 Everything Has Changed (feat. Ed Sheeran)
61%
15 Starlight
59%
18 Come Back... Be Here
55%
7 I Almost Do
55%
12 Sad Beautiful Tragic
55%
17 The Moment I Knew
55%
19 Girl At Home
53%
10 The Last Time (feat. Gary Lightbody)
53%
13 The Lucky One
51%
No matching quizzes found
Score Distribution
Percent of People with Each Score
Percentile by Number Answered
Your Score History
You have not taken this quiz since the last reset